LEADER 03223nam 2200709 450 001 9910791159703321 005 20200520144314.0 010 $a1-78539-570-X 010 $a1-63157-058-7 035 $a(CKB)2550000001351898 035 $a(EBL)1779302 035 $a(SSID)ssj0001540987 035 $a(PQKBManifestationID)11880531 035 $a(PQKBTitleCode)TC0001540987 035 $a(PQKBWorkID)11534406 035 $a(PQKB)11559760 035 $a(OCoLC)891574340 035 $a(CaBNVSL)swl00404001 035 $a(Au-PeEL)EBL1779302 035 $a(CaPaEBR)ebr10940896 035 $a(CaONFJC)MIL642131 035 $a(OCoLC)890441691 035 $a(CaSebORM)9781631570575 035 $a(MiAaPQ)EBC1779302 035 $a(EXLCZ)992550000001351898 100 $a20140926d2014 fy 0 101 0 $aeng 135 $aur|n|---||||| 181 $ctxt 182 $cc 183 $acr 200 10$aSupply chain risk management $etools for analysis /$fDavid L. Olson 205 $aSecond edition. 210 1$aNew York, New York (222 East 46th Street, New York, NY 10017) :$cBusiness Expert Press,$d2014. 215 $a1 online resource (154 p.) 225 1 $aSupply and operations management collection,$x2156-8200 300 $aPart of: 2014 digital library. 311 $a1-322-10880-3 311 $a1-63157-057-9 320 $aIncludes bibliographical references (pages 131-135) and index. 327 $a1. Introduction -- 2. Supply chain risk management process -- 3. Risk matrices in supply chain risk management -- 4. Supply chain selection decisions -- 5. Simulation of supply chain risk -- 6. Supply chain management risk models -- 7. Optimization models in supply chain risk management -- 8. Balanced scorecard in supply chain management -- Epilogue: Recapitulation -- Notes -- References -- Index. 330 3 $aThe supply chain management field is one of the fastest growing fields in our economy, given the heavy growth in international trade as a means to access outsourced production opportunities to lower costs and the growth in information technology to coordinate supply chains. However, this opportunity to lower costs entails significant risks, such as tsunamis, earthquakes, political unrest, and economic turbulence. This book discusses risks in supply chain management, followed by graphic and quantitative tools (risk matrices, selection methods, risk simulation modeling, linear programming, and business scorecard analysis) to help manage these risks. 410 0$a2014 digital library. 410 0$aSupply and operations management collection.$x2156-8200 606 $aBusiness logistics$xRisk management 610 $aSupply chain 610 $arisk management 610 $arisk matrix 610 $asystem selection 610 $aMonte Carlo simulation 610 $aoptimization model 610 $abalanced scorecard 615 0$aBusiness logistics$xRisk management. 676 $a658.7 700 $aOlson$b David Louis.$0477805 801 0$bMiAaPQ 801 1$bMiAaPQ 801 2$bMiAaPQ 906 $aBOOK 912 $a9910791159703321 996 $aSupply chain risk management$93809111 997 $aUNINA LEADER 04913oam 22012854 450 001 9910788696903321 005 20230120065054.0 010 $a1-4623-7098-5 010 $a1-4527-5114-5 010 $a1-283-51835-X 010 $a1-4519-0943-8 010 $a9786613830807 035 $a(CKB)3360000000444004 035 $a(SSID)ssj0000943024 035 $a(PQKBManifestationID)11479821 035 $a(PQKBTitleCode)TC0000943024 035 $a(PQKBWorkID)10994194 035 $a(PQKB)11464462 035 $a(MiAaPQ)EBC3014524 035 $a(IMF)WPIEE2006230 035 $a(EXLCZ)993360000000444004 100 $a20020129d2006 uf 0 101 0 $aeng 181 $ctxt 182 $cc 183 $acr 200 10$aProductivity Growth, Technological Convergence, RandD, Trade, and Labor Markets : $eEvidence From the French Manufacturing Sector /$fTehmina S. Khan 210 1$aWashington, D.C. :$cInternational Monetary Fund,$d2006. 215 $a1 online resource (38 pages) 225 1 $aIMF Working Papers 300 $aBibliographic Level Mode of Issuance: Monograph 311 $a1-4518-6490-6 330 3 $aTotal factor productivity (TFP) of 14 manufacturing sectors in France has kept up with that of the United States during 1980-2002 and remained well above that of the United Kingdom. Estimates using a dynamic panel equilibrium correction model indicate that sectors further behind the technological frontier experience faster productivity growth and that spending on research and development and trade with technologically advanced economies positively influences TFP growth, but not the speed of convergence. Conversely, TFP growth is negatively related to some key labor market variables, namely the replacement ratio and the ratio of the minimum wage to the median wage. 410 0$aIMF Working Papers; Working Paper ;$vNo. 2006/230 606 $aBusiness & Economics$2HILCC 606 $aEconomic History$2HILCC 606 $aLabor$2imf 606 $aInformation Management$2imf 606 $aProduction and Operations Management$2imf 606 $aInnovation$2imf 606 $aResearch and Development$2imf 606 $aTechnological Change$2imf 606 $aIntellectual Property Rights: General$2imf 606 $aMeasurement of Economic Growth$2imf 606 $aAggregate Productivity$2imf 606 $aCross-Country Output Convergence$2imf 606 $aComparative Studies of Countries$2imf 606 $aProduction$2imf 606 $aCost$2imf 606 $aCapital and Total Factor Productivity$2imf 606 $aCapacity$2imf 606 $aMacroeconomics: Production$2imf 606 $aDemand and Supply of Labor: General$2imf 606 $aTechnological Change: Choices and Consequences$2imf 606 $aDiffusion Processes$2imf 606 $aMacroeconomics$2imf 606 $aLabour$2imf 606 $aincome economics$2imf 606 $aKnowledge management$2imf 606 $aTotal factor productivity$2imf 606 $aProductivity$2imf 606 $aLabor markets$2imf 606 $aTechnology transfer$2imf 606 $aCapacity utilization$2imf 606 $aTechnology$2imf 606 $aIndustrial productivity$2imf 606 $aLabor market$2imf 606 $aIndustrial capacity$2imf 607 $aUnited States$2imf 615 7$aBusiness & Economics 615 7$aEconomic History 615 7$aLabor 615 7$aInformation Management 615 7$aProduction and Operations Management 615 7$aInnovation 615 7$aResearch and Development 615 7$aTechnological Change 615 7$aIntellectual Property Rights: General 615 7$aMeasurement of Economic Growth 615 7$aAggregate Productivity 615 7$aCross-Country Output Convergence 615 7$aComparative Studies of Countries 615 7$aProduction 615 7$aCost 615 7$aCapital and Total Factor Productivity 615 7$aCapacity 615 7$aMacroeconomics: Production 615 7$aDemand and Supply of Labor: General 615 7$aTechnological Change: Choices and Consequences 615 7$aDiffusion Processes 615 7$aMacroeconomics 615 7$aLabour 615 7$aincome economics 615 7$aKnowledge management 615 7$aTotal factor productivity 615 7$aProductivity 615 7$aLabor markets 615 7$aTechnology transfer 615 7$aCapacity utilization 615 7$aTechnology 615 7$aIndustrial productivity 615 7$aLabor market 615 7$aIndustrial capacity 700 $aKhan$b Tehmina S$01558705 712 02$aebrary, Inc 801 0$bDcWaIMF 906 $aBOOK 912 $a9910788696903321 996 $aProductivity Growth, Technological Convergence, RandD, Trade, and Labor Markets$93823297 997 $aUNINA